The naval architect's and shipbuilder's pocket-book of formulae, rules and tables and marine engineer's and surveyor's handy book of reference (Record no. 546134)
[ view plain ]
| 000 -LEADER | |
|---|---|
| fixed length control field | 00680cam a22001697a 4500 |
| 082 ## - DEWEY DECIMAL CLASSIFICATION NUMBER | |
| Classification number | 623.81 |
| Author Mark | MAC |
| -- | L-14, P-77 |
| 100 1# - MAIN ENTRY--PERSONAL NAME | |
| Personal name | Mackrow, Clement. |
| 9 (RLIN) | 42206 |
| 245 14 - TITLE STATEMENT | |
| Title | The naval architect's and shipbuilder's pocket-book of formulae, rules and tables and marine engineer's and surveyor's handy book of reference |
| Statement of responsibility, etc. | by Clement Mackrow and Lloyd Woollard. |
| 250 ## - EDITION STATEMENT | |
| Edition statement | 13th ed., thoroughly rev. |
| 260 ## - PUBLICATION, DISTRIBUTION, ETC. | |
| Place of publication, distribution, etc. | London : |
| Name of publisher, distributor, etc. | C. Lockwood and Son, |
| Date of publication, distribution, etc. | 1931. |
| 300 ## - PHYSICAL DESCRIPTION | |
| Extent | xii, 732 p. : |
| Other physical details | ill. ; |
| Dimensions | 17 cm. |
| 500 ## - GENERAL NOTE | |
| General note | Call number of original: VM151.M2 1931. |
| 500 ## - GENERAL NOTE | |
| General note | Master microform held by: DLC. |
| 526 ## - STUDY PROGRAM INFORMATION NOTE | |
| Program name | 0 |
| Interest level | 0 |
| Reading level | 0 |
| Title point value | 623_810000000000000_MAC |
| 650 ## - SUBJECT ADDED ENTRY--TOPICAL TERM | |
| Topical term or geographic name entry element | MCE |
| 9 (RLIN) | 379 |
| 942 ## - ADDED ENTRY ELEMENTS (KOHA) | |
| Source of classification or shelving scheme | |
| Koha item type | Book |
| Withdrawn status | Lost status | Source of classification or shelving scheme | Damaged status | Not for loan | Permanent Location | Current Location | Date acquired | Total Checkouts | Full call number | Barcode | Date last seen | Price effective from | Koha item type |
|---|---|---|---|---|---|---|---|---|---|---|---|---|---|
| Military College of Engineering (MCE) | Military College of Engineering (MCE) | 06/03/2014 | 623.81 MAC | MCE-29404 | 06/03/2014 | 06/03/2014 | Book |
